Nueva edición del Código de Minería concordado con la antigua ordenanza, la legislación francesa y belga y el código civil chileno
Guardat en:
| Autor principal: | |
|---|---|
| Format: | Llibre |
| Idioma: | espanyol |
| Publicat: |
Valparaíso, Chile
Imprenta del Mercurio
1877
|
| Matèries: | |
| Accés en línia: | Acceso texto completo |
| Etiquetes: |
Afegir etiqueta
Sense etiquetes, Sigues el primer a etiquetar aquest registre!
|
MARC
| LEADER | 00000nam a2200000 a 4500 | ||
|---|---|---|---|
| 001 | UCY2990 | ||
| 003 | CL-VaPUC | ||
| 005 | 20210616001542.0 | ||
| 008 | 941205e18770000CL |||||||||||||||||spa|d | ||
| 999 | |c 231244 |d 231242 | ||
| 040 | |c Pontificia Universidad Católica de Valparaíso | ||
| 082 | 0 | 4 | |a 343.077 LAR 1877 |2 21 |
| 100 | |a Larraín Zañartu, José Joaquín |e author |9 537220 | ||
| 245 | 1 | 0 | |a Nueva edición del Código de Minería concordado con la antigua ordenanza, la legislación francesa y belga y el código civil chileno |
| 260 | |a Valparaíso, Chile |b Imprenta del Mercurio |c 1877 | ||
| 300 | |a 143 páginas | ||
| 583 | |a last modification |c 20190704 11:00:07 |k Rodrigo Vera | ||
| 650 | 0 | |a Derecho minero |z CHILE |9 257109 | |
| 852 | |a BIBCUR | ||
| 856 | |u http://opac.pucv.cl/pucv_txt/Txt-2500/UCS2990_01.pdf |z Acceso texto completo | ||
| 942 | |c BK |2 ddc | ||
| 945 | |d 19941205 00:00:00 |a aalvarez | ||
| 952 | |0 0 |1 0 |2 ddc |4 0 |5 1 |6 343_077000000000000_LAR_1877 |7 1 |8 C_LRYV |9 234258 |a FDOBRV |b BIBDER |d 2019-11-15 |i 3039838 |o 343.077 LAR 1877 |p 3039838 |r 2023-01-25 |w 2019-11-15 |y BK_X |k BRV | ||
| 952 | |0 0 |1 0 |2 ddc |4 0 |5 1 |6 343_077000000000000_LAR_1877 |7 1 |8 C_LRYV |9 234259 |a FDOBRV |b BIBDER |d 2019-11-15 |i 1892622 |o 343.077 LAR 1877 |p 1892622 |r 2023-01-25 |w 2019-11-15 |y BK_X |k BRV | ||